| 000 | 01171cam a2200253 4500 | ||
|---|---|---|---|
| 001 | ABS64942 | ||
| 008 | 020107n2001 000 0 eng u | ||
| 035 | _a(Sirsi) u116151 | ||
| 100 | _aMynors, C. | ||
| 245 | _aApplications: who needs to be told | ||
| 260 | _c2001 | ||
| 490 |
_aContext _vDecember 2001, 19-21(3) |
||
| 520 | _aDETR circular 01/01 issued on 18 January 2001 offers new rules and guidance relating to notifying applications for planning permissions and listed building consent to English Heritage, CABE and the Amenity Societies. The new circular changes little but it is as well to be aware of where to find the detailed requirements. As in the previous circular 14/97, it deals with all the above matters and these are helpfully summarised in Appendix A of the new circular. | ||
| 590 | _aABS | ||
| 650 | _aPLANNING PERMISSIONS | ||
| 650 | _aLISTED BUILDING CONSENT | ||
| 650 | _aENGLISH HERITAGE | ||
| 650 | _aCOMMISSION FOR ARCHITECTURE AND THE BUILT ENVIRONMENT | ||
| 650 | _aAMENITY SOCIETIES | ||
| 650 | _aDETR CIRCULARS | ||
| 650 | _aPPG15 | ||
| 690 | _aENVIRONMENTAL AND LAND CONSULTANCY-PLANNING AND DEVELOPMENT | ||
| 942 | _n0 | ||
| 999 |
_c69188 _d69188 |
||